Fundamentals of database management systems : (Record no. 40757)

MARC details
000 -LEADER
fixed length control field 00758nam a22002057a 4500
005 - DATE AND TIME OF LATEST TRANSACTION
control field 20100810153131.0
010 ## - LCCN (DPL NO)
LC control number ENG-99412
020 ## - INTERNATIONAL STANDARD BOOK NUMBER
International Standard Book Number 9789380060682
Terms of availability 180.00
035 ## - SYSTEM CONTROL NUMBER
System control number EN-82944
037 ## - SOURCE OF ACQUISITION
Source of stock number/acquisition DBAD/PUB
082 ## - DEWEY DECIMAL CLASSIFICATION NUMBER
Classification number 005.74
100 ## - MAIN ENTRY--PERSONAL NAME
Personal name Praba, K. S.
245 ## - TITLE STATEMENT
Title Fundamentals of database management systems :
Remainder of title for under graduate computer science students of Indian universities /
Statement of responsibility, etc by K. S. Praba
260 ## - PUBLICATION, DISTRIBUTION, ETC. (IMPRINT)
Place of publication, distribution, etc Salem
Name of publisher, distributor, etc M.S.K Publications
Date of publication, distribution, etc 2009
270 ## - ADDRESS
City Salem
300 ## - PHYSICAL DESCRIPTION
Extent 105p.
Dimensions 21cm (pbk)
650 ## - SUBJECT ADDED ENTRY--TOPICAL TERM
Topical term or geographic name as entry element Relational Management
942 ## - ADDED ENTRY ELEMENTS (KOHA)
Source of classification or shelving scheme Dewey Decimal Classification
Item type English Books
Classification part 005.74
Call number suffix PRA
Holdings
Withdrawn status Lost status Not for loan Collection code Home library Current library Date acquired Source of acquisition Cost, normal purchase price Full call number Barcode Copy number Cost, replacement price Koha item type
    Not For Loan Non-fiction D.B.Act.Division D.B.Act.Division 10/08/2010 DBAD/PUB 180.00 005.74 PRA EN-82944 1 180.00 English Books

© Delhi Public Library
Hit Counter
free hit counter